| 000 | 00641nam a22001817a 4500 | ||
|---|---|---|---|
| 999 |
_c14909 _d14909 |
||
| 008 | 200130b ||||| |||| 00| 0 eng d | ||
| 020 | _a9781260288407 | ||
| 082 |
_22019 _aDC 657.0285 _bR393 |
||
| 100 |
_aRichardson, Vernon _941417 |
||
| 245 |
_aData analytics for accounting/ _cVernon Richardson, Ryan Teeter, Katie Terrell |
||
| 260 |
_aNew York: _bMcGraw-Hill Education, _c©2019. |
||
| 300 |
_aiii, 343 pages: _billustrations; _c25 cm. |
||
| 500 | _aIncludes glossary and index. | ||
| 650 |
_aAccounting -- Data processing _921461 |
||
| 700 |
_aTeeter, Ryan _eAuthor _941418 |
||
| 700 |
_aTerrell, Katie _eAuthor _941419 |
||
| 942 |
_2ddc _cDC |
||